Visita a la Granja Experimental de Agricultura de Caldas
Colección:
San Jorge,
; núm. 2 (abril 1951), pàg. 76
MARC
| LEADER | 00000naa a2200000 a 4500 | ||
|---|---|---|---|
| 008 | 160829s1951 spc xx s c | ||
| 245 | |a Visita a la Granja Experimental de Agricultura de Caldas | ||
| 490 | |a San Jorge, |v núm. 2 (abril 1951), pàg. 76 | ||
| 590 | |a El nom de l'escola és: Escola Pràctica d'Agricultura (Caldes de Montbui) | ||
| 610 | 2 | 0 | |a Escola Pràctica d'Agricultura (Caldes de Montbui) |9 54571 |
| 650 | 0 | |9 54039 |a Visites oficials |z Barcelona (Província) | |
| 773 | |t San Jorge. |g Núm. 2 (abril 1951), pàg. 76 | ||
| 901 | |a Arxiu | ||
| 942 | |n 1 |2 udc |c ART | ||
| 952 | |0 0 |1 0 |4 0 |7 1 |9 64555 |a Arxiu |b Arxiu |d 2022-12-01 |o Rev-508 |r 2022-12-01 00:00:00 |w 2022-12-01 |y ARXIU |z També disponible a Rev-521 | ||
| 999 | |c 49012 |d 49012 | ||